| 000 | 00858cam a2200301Mi 4500 | ||
|---|---|---|---|
| 001 | 92004 | ||
| 005 | 20230411090049.0 | ||
| 008 | 100308s2010 sp 000 0 spa d | ||
| 035 | _a(OCoLC)ocn638856323 | ||
| 040 |
_aESUDE _bspa _cESUDE |
||
| 017 | _aD.L.M.4525-2010 | ||
| 020 | _a9788497687454 | ||
| 020 | _a8497687450 | ||
| 035 | _a(OCoLC)638856323 | ||
| 080 | _a341.1/.8 | ||
| 049 | _aGRAL | ||
| 100 | 1 | _aGuariglia, Osvaldo. | |
| 245 | 1 | 0 |
_aEn camino de una justicia global / _cOsvaldo Guariglia. |
| 260 |
_aMadrid : _bMarcial Pons, _c2010. |
||
| 300 |
_a154 p. ; _c21 cm. |
||
| 504 | _aBibliografia. | ||
| 610 | 2 | 4 | _aTribunal Internacional de Justicia. |
| 650 | 4 | _aFilosofía del derecho internacional. | |
| 650 | 4 | _aJurisdicción internacional. | |
| 650 | 4 | _aAdministración de justicia. | |
| 942 |
_2lcc _cbk |
||
| 994 |
_aC0 _bDRFGD |
||
| 999 |
_c111856 _d111856 |
||